Visualizzazione normale
Vista MARC
- De Simone, Angelo
di Personal Name
Records bibliografici associati: 1
001 - CONTROL NUMBER
- control field: 223
003 - CONTROL NUMBER IDENTIFIER
- control field: IT-RoPau
005 - DATE AND TIME OF LATEST TRANSACTION
- control field: 20130122103348.0
008 - FIXED-LENGTH DATA ELEMENTS
- fixed length control field: 130122|| aca||aabn | a|a d
040 ## - CATALOGING SOURCE
- Original cataloging agency: IT-RoPau
- Transcribing agency: IT-RoPau
100 ## - HEADING--PERSONAL NAME
- Personal name: De Simone, Angelo
- Titles and other words associated with a name: ssp
670 ## - SOURCE DATA FOUND
- Source citation: Work cat.: (IT-RoPau)23670: De Simone, Angelo ssp, Don Alberione, 1980